| 000 | 00661nam a2200205Ia 4500 | ||
|---|---|---|---|
| 999 |
_c4872 _d4872 |
||
| 003 | OSt | ||
| 005 | 20200330160157.0 | ||
| 008 | 191128s1983 ck gr 000 0 spa d | ||
| 040 |
_aCO-JMCR _cCO-JMCR |
||
| 041 | 0 | _aspa | |
| 082 | 0 | 4 |
_a320.861 / _bL925b _221 |
| 100 | 1 |
_aLozano Cleves, Alberto, _eautor _92208 |
|
| 245 | 1 | 0 |
_aBolívar y la pulcritud administrativa / _cAlberto Lozano Cleves |
| 250 | _aPrimera edición | ||
| 260 |
_aBogotá : _bDepartamento Administrativo del Servicio Civil, _c1983 |
||
| 300 |
_a18 páginas ; _c22 cm. |
||
| 650 | 1 | 4 |
_aGobierno _xpresidentes _zColombia _92209 |
| 650 | 1 | 4 |
_aPlan de desarrollo _zColombia _92210 |
| 942 |
_2ddc _cBK |
||